| 000 | 00343 a2200097 4500 | ||
|---|---|---|---|
| 082 | _a620.13721 JOK | ||
| 100 | _aJokhio, Gul Ahmed | ||
| 245 |
_aConstitutive Modelling of Ferrocement Elements _cGul Ahmed Jokhio |
||
| 260 |
_aKarachi : _bNED University of Engineering, _c2002 |
||
| 300 |
_axxii, 222p. : _bill. ; _c29 cm |
||
| 650 | _aConstitutive Modelling -- ferrocement elements | ||
| 999 |
_c884 _d884 |
||